000 00374nam a2200145Ia 4500
008 100204s9999 xx 000 0 und d
082 _b21454
100 _aMAJUMDAR N. N.
245 _aBIRD MIGRATION
260 _b"NNATIONAL COUNCIL OF EDU. RESERCH & TRANING, NEWDELHI"
_c1977
300 _a57
630 _aBIRD MIGRATION
730 _aBIRD MIGRATION
942 _cBOOK
999 _c466277
_d466274